| 000 | 00849cam a2200217 4500 | ||
|---|---|---|---|
| 001 | ABS61321 | ||
| 008 | 000000n1999 000 0 eng u | ||
| 035 | _a(Sirsi) u101070 | ||
| 100 | _aMosey, D. | ||
| 245 | 3 | _aAn end to shafting | |
| 260 | _c1999 | ||
| 490 |
_aBuilding _v(40) 8 October 1999, 66-67(1) |
||
| 520 | _aArgues that partnering based on just trust and shared project objectives between client and contractor can lead some parties to abandon contracts. The author believes that the solution is a bespoke partnering agreement which is clear and simple, and adhers to the Egan objectives. | ||
| 590 | _aABS | ||
| 650 | _aEGAN REFORMS | ||
| 650 | _aProcurement-old | ||
| 650 | _aPARTNERING AGREEMENTS | ||
| 650 | _aBUILT ENVIRONMENT-BUILDING CONTRACT FORMS | ||
| 690 | _aBUILT ENVIRONMENT-BUILDING CONTRACT FORMS | ||
| 942 | _n0 | ||
| 999 |
_c60304 _d60304 |
||